| 000 | 00721nam a2200217 a 4500 | ||
|---|---|---|---|
| 001 | 13151 | ||
| 003 | BD-JhCC | ||
| 005 | 20230715090235.0 | ||
| 008 | 230715s2019 bg |||| |||| 000 0 ben d | ||
| 020 | _a9789849406266 | ||
| 035 | _a(BD-JhCC)13151 | ||
| 040 |
_aBD-JhCC _dBD-JhCC |
||
| 041 | _aben | ||
| 082 |
_a891.442 _bROH 2019 |
||
| 100 | _aরহমান, অভীক সানোয়ার | ||
| 245 |
_aপরাবাস্তব অপেক্ষায় / _cঅভীক সানোয়ার রহমান, |
||
| 260 |
_aঢাকা : _bচেতনার ঐতিহ্য, _c২০১৯ |
||
| 300 |
_a৯৬ পৃ. : _c২১ সেমি. |
||
| 650 | _aBenglai Poetry | ||
| 942 |
_2ddc _cBK |
||
| 999 |
_c13151 _d13151 |
||